00488nam a2200181 a 4500001001300000003000900013005001700022008004100039020000900080082001800089100001900107245004800126260004900174300000900223500003500232650002000267700001900287nice12345678IN_TiNIC20260116011532.0050524s1961 losa grp 000 0 eng  ac2400a297.1977bASA aAsad, Muhammad aPrinciples of State and Government in Islam aLos Angeles bUniversity of Californiac1961 a107p aincludes index and biblioraphy aIslam and State1 aAsad, Muhammad